000
00282nam a22001337a 4500
008
171009b xxu||||| |||| 00| 0 eng d
020
_a
9780716779278
041
_a
eng
080
_a
159.9
100
_a
49
101
_a
psi
245
_a
PSYCHOLOGY
_c
MYERS, D.G
942
_2
udc
_c
BK
999
_c
32640
_d
32640